[Event "CRO-chT1B 29th"]
[Site "Mali Losinj"]
[Date "2021.09.27"]
[Round "4.1"]
[White "Njirjak, Josip"]
[Black "Novak, Ivan2222"]
[Result "1-0"]
[WhiteElo "2402"]
[BlackElo "2239"]
[PlyCount "101"]
[EventDate "2021.09.25"]
[EventType "team-tourn"]
[EventRounds "11"]
[EventCountry "CRO"]
[SourceTitle "CBM 204 Extra"]
[Source "ChessBase"]
[SourceDate "2021.11.30"]
[SourceVersion "1"]
[SourceVersionDate "2021.11.30"]
[SourceQuality "1"]
[WhiteTeam "Vinkovci"]
[BlackTeam "Mihovljan Sloboda"]
[WhiteTeamCountry "CRO"]
[BlackTeamCountry "CRO"]

1. e4 d5 2. exd5 Nf6 3. d4 Bg4 4. Be2 Bxe2 5. Qxe2 Qxd5 6. Nf3 Nc6 7. c4 Qe4 8. Be3 e5 9. Nbd2 Bb4 10. d5 Ne7 11. 0-0 Bxd2 12. Nxd2 Qg4 13. f3 Qf5 14. f4 Ng6 15. fxe5 Qxe5 16. Qf2 0-0 17. Bd4 Ng4 18. Bxe5 Nxf2 19. Bxc7 Nd3 20. Rf3 Nde5 21. Re3 f6 22. b3 Rf7 23. Bxe5 Nxe5 24. Rae1 Re8 25. Kf1 Rfe7 26. Nf3 Kf7 27. Nxe5+ Rxe5 28. Rxe5 fxe5 29. Ke2 Ke7 30. Rf1 Rc8 31. Kd3 Rc7 32. Ke4 Kd6 33. Rc1 Rf7 34. c5+ Kd7 35. Rc2 Rf1 36. Kxe5 Re1+ 37. Kd4 Rf1 38. g3 h5 39. b4 a6 40. c6+ bxc6 41. Rxc6 a5 42. bxa5 Rf2 43. a4 Ra2 44. Rc4 Kd6 45. a6 Rd2+ 46. Ke3 Rd1 47. a7 Re1+ 48. Kd4 Re8 49. Rc6+ Kd7 50. Kc5 Ra8 51. Kb6 1-0

[Event "CRO-chT1B 29th"]
[Site "Mali Losinj"]
[Date "2021.09.26"]
[Round "2.24"]
[White "Petrusic, Toni"]
[Black "Njirjak, Josip"]
[Result "1/2-1/2"]
[WhiteElo "2258"]
[BlackElo "2402"]
[PlyCount "84"]
[EventDate "2021.09.25"]
[EventType "team-tourn"]
[EventRounds "11"]
[EventCountry "CRO"]
[SourceTitle "CBM 204 Extra"]
[Source "ChessBase"]
[SourceDate "2021.11.30"]
[SourceVersion "1"]
[SourceVersionDate "2021.11.30"]
[SourceQuality "1"]
[WhiteTeam "Bjelovar"]
[BlackTeam "Vinkovci"]
[WhiteTeamCountry "CRO"]
[BlackTeamCountry "CRO"]

1. e4 e5 2. Nf3 Nc6 3. Bc4 Nf6 4. d3 Be7 5. Bb3 d6 6. c3 0-0 7. Nbd2 Be6 8. Nf1 d5 9. Qe2 h6 10. Ng3 Re8 11. Ba4 Bd6 12. 0-0 Nd7 13. b4 a5 14. exd5 Bxd5 15. b5 Ne7 16. c4 Be6 17. Bb2 Ng6 18. Rfe1 Nf4 19. Qf1 Bg4 20. Bc2 Bxf3 21. gxf3 Bc5 22. Rad1 Bd4 23. Bc1 Nc5 24. Kh1 Qh4 25. Be3 Re6 26. Qg1 Qh3 27. Qf1 Qh4 28. Qg1 Rae8 29. Nf5 Qf6 30. Ng3 Qh4 31. Nf5 Qf6 32. Ng3 Ng6 33. Ne4 Qxf3+ 34. Qg2 Qxg2+ 35. Kxg2 Nxe4 36. dxe4 Bxe3 37. fxe3 Kf8 38. Rd7 Rd6 39. Rd1 Rxd7 40. Rxd7 Re7 41. Rd8+ Re8 42. Rd7 Re7 1/2-1/2

[Event "CRO-chT1B 29th"]
[Site "Mali Losinj"]
[Date "2021.09.25"]
[Round "1.5"]
[White "Njirjak, Josip"]
[Black "Ivic, Mateo"]
[Result "0-1"]
[WhiteElo "2402"]
[BlackElo "2127"]
[PlyCount "106"]
[EventDate "2021.09.25"]
[EventType "team-tourn"]
[EventRounds "11"]
[EventCountry "CRO"]
[SourceTitle "CBM 204 Extra"]
[Source "ChessBase"]
[SourceDate "2021.11.30"]
[SourceVersion "1"]
[SourceVersionDate "2021.11.30"]
[SourceQuality "1"]
[WhiteTeam "Vinkovci"]
[BlackTeam "Split Brda"]
[WhiteTeamCountry "CRO"]
[BlackTeamCountry "CRO"]

1. e4 e5 2. Nf3 Nc6 3. Bb5 a6 4. Ba4 Nf6 5. Qe2 b5 6. Bb3 Be7 7. c3 0-0 8. d4 exd4 9. e5 d3 10. Qxd3 Ne8 11. a4 b4 12. 0-0 Rb8 13. Bc2 g6 14. Bh6 Ng7 15. Nbd2 d5 16. exd6 Bxd6 17. Ne4 Ne5 18. Nxe5 Bxe5 19. f4 Qxd3 20. Bxd3 Bd6 21. Nxd6 cxd6 22. f5 Re8 23. f6 Ne6 24. Bc4 bxc3 25. bxc3 Bb7 26. Bxe6 Rxe6 27. Rab1 Ree8 28. Bf4 Bc6 29. Bxd6 Rxb1 30. Rxb1 Bxa4 31. c4 h6 32. Be7 Rc8 33. c5 g5 34. Kf2 Kh7 35. Ke3 Bc6 36. g3 a5 37. Kd4 a4 38. Kc4 Kg6 39. Rb6 Kf5 40. h4 gxh4 41. gxh4 Kg4 42. Kb4 Kxh4 43. Rxc6 Rxc6 44. Kxa4 Kg5 45. Kb5 Rc8 46. c6 h5 47. Kb6 h4 48. Kb7 Re8 49. c7 h3 50. Bd6 Kxf6 51. c8Q Rxc8 52. Kxc8 Kg5 53. Kd7 f5 0-1

[Event "CRO-chT1B 18th"]
[Site "Sibenik"]
[Date "2009.09.29"]
[Round "9"]
[White "Njirjak, Josip"]
[Black "Grgurevic, Boris"]
[Result "1-0"]
[WhiteElo "2381"]
[BlackElo "2228"]
[PlyCount "82"]
[EventDate "2009.09.21"]
[EventType "team-tourn"]
[EventRounds "9"]
[EventCountry "CRO"]
[SourceTitle "EXT 2010"]
[Source "ChessBase"]
[SourceDate "2010.11.25"]
[SourceVersion "1"]
[SourceVersionDate "2010.11.25"]
[SourceQuality "1"]

1. e4 e5 2. Nf3 Nc6 3. Bb5 a6 4. Ba4 Nf6 5. 0-0 Be7 6. Re1 b5 7. Bb3 d6 8. c3 0-0 9. h3 Na5 10. Bc2 c5 11. d4 Qc7 12. Nbd2 Bd7 13. Nf1 cxd4 14. cxd4 Rac8 15. Re2 Nc6 16. Ng3 Rfe8 17. Be3 exd4 18. Nxd4 Nxd4 19. Bxd4 d5 20. e5 Ne4 21. Nxe4 dxe4 22. Bxe4 Be6 23. Rc2 Qb8 24. Rxc8 Rxc8 25. Qd3 g6 26. Qe3 Qc7 27. Rf1 Qc4 28. Bb1 Qa4 29. b3 Qb4 30. f4 Rd8 31. Bb6 Rb8 32. Kh2 a5 33. f5 gxf5 34. Bxf5 Bxf5 35. Rxf5 a4 36. Rf4 Qa3 37. Qg3+ Kf8 38. Rg4 Ke8 39. Rg8+ Bf8 40. Qc3 Qe7 41. Qc6+ Qd7 1-0

[Event "CRO-chT1B 18th"]
[Site "Sibenik"]
[Date "2009.09.21"]
[Round "1"]
[White "Sinanovic, Muhamed"]
[Black "Njirjak, Josip"]
[Result "1/2-1/2"]
[WhiteElo "2386"]
[BlackElo "2381"]
[PlyCount "97"]
[EventDate "2009.09.21"]
[EventType "team-tourn"]
[EventRounds "9"]
[EventCountry "CRO"]
[SourceTitle "EXT 2010"]
[Source "ChessBase"]
[SourceDate "2010.11.25"]
[SourceVersion "1"]
[SourceVersionDate "2010.11.25"]
[SourceQuality "1"]

1. c4 Nf6 2. Nf3 c6 3. d4 d5 4. cxd5 cxd5 5. Nc3 Nc6 6. Bf4 e6 7. e3 Be7 8. Bd3 Nh5 9. Be5 Nxe5 10. Nxe5 Nf6 11. 0-0 0-0 12. f4 g6 13. Rf3 Nd7 14. Rg3 Nxe5 15. fxe5 f5 16. Ne2 Rf7 17. Nf4 Rg7 18. Rc1 Bd7 19. Rf3 Qb6 20. Rf2 Bg5 21. Bf1 Rc8 22. Rfc2 Rxc2 23. Rxc2 Rf7 24. g3 Kg7 25. Qd3 Be7 26. Qc3 Bb4 27. Qd3 Rf8 28. a3 Be7 29. Qd2 Rc8 30. Rxc8 Bxc8 31. Be2 h5 32. h3 Bg5 33. Ng2 Bd7 34. h4 Bh6 35. Kf2 Kf7 36. Nf4 Be8 37. Qc3 Bd7 38. b4 Qc6 39. Qb2 Qb6 40. Qa2 Qc7 41. Bd3 Bf8 42. Qb2 Bh6 43. Ke2 Bxf4 44. exf4 a6 45. Qc2 Qxc2+ 46. Bxc2 Bb5+ 47. Kd2 Bc4 48. a4 b5 49. a5 1/2-1/2

[Event "CRO-Cup 18th"]
[Site "Sibenik"]
[Date "2009.05.22"]
[Round "3"]
[White "Lalic, Bogdan"]
[Black "Njirjak, Josip"]
[Result "1-0"]
[WhiteElo "2508"]
[BlackElo "2381"]
[PlyCount "79"]
[EventDate "2009.05.20"]
[EventType "team-tourn"]
[EventRounds "5"]
[EventCountry "CRO"]
[SourceTitle "CBM 130 Extra"]
[Source "ChessBase"]
[SourceDate "2009.07.02"]
[SourceVersion "2"]
[SourceVersionDate "2009.07.15"]
[SourceQuality "1"]

1. d4 d5 2. c4 Nc6 3. Nc3 dxc4 4. Nf3 Nf6 5. Bg5 h6 6. Bxf6 exf6 7. e3 Bd6 8. Bxc4 0-0 9. 0-0 f5 10. h3 a6 11. a3 Ne7 12. Qc2 b5 13. Be2 Be6 14. Rfd1 Qb8 15. b4 c6 16. Ne1 a5 17. Nd3 Nd5 18. Bf3 Qa7 19. Rab1 Rfc8 20. Nc5 Nxc3 21. Qxc3 axb4 22. axb4 Qa3 23. Qxa3 Rxa3 24. Ra1 Rc3 25. Ra6 Rc4 26. Bxc6 Bf8 27. Rb1 f4 28. Bxb5 fxe3 29. fxe3 Rc3 30. Nxe6 fxe6 31. Bd7 Rc1+ 32. Rxc1 Rxc1+ 33. Kf2 e5 34. Be6+ Kh7 35. b5 Rc2+ 36. Kf3 Rb2 37. Ra8 Bd6 38. Bg8+ Kh8 39. Bc4+ Kh7 40. Bd3+ 1-0

[Event "CRO-Cup 18th"]
[Site "Sibenik"]
[Date "2009.05.20"]
[Round "1"]
[White "Saric, Kristina"]
[Black "Njirjak, Josip"]
[Result "1/2-1/2"]
[WhiteElo "2233"]
[BlackElo "2381"]
[PlyCount "58"]
[EventDate "2009.05.20"]
[EventType "team-tourn"]
[EventRounds "5"]
[EventCountry "CRO"]
[SourceTitle "CBM 130 Extra"]
[Source "ChessBase"]
[SourceDate "2009.07.02"]
[SourceVersion "2"]
[SourceVersionDate "2009.07.15"]
[SourceQuality "1"]

1. e4 e5 2. Nf3 Nc6 3. Bb5 a6 4. Ba4 Nf6 5. d3 b5 6. Bb3 Be7 7. a4 Rb8 8. axb5 axb5 9. 0-0 0-0 10. Nc3 d6 11. Nd5 Nxd5 12. exd5 Nd4 13. Nxd4 exd4 14. Re1 Bf6 15. Bd2 Bd7 16. Ra7 Ra8 17. Qa1 Qb8 18. Rxa8 Qxa8 19. Qxa8 Rxa8 20. h3 h5 21. Kh2 h4 22. g4 hxg3+ 23. Kxg3 Bf5 24. h4 g6 25. Bg5 Be5+ 26. Bf4 Bf6 27. Bg5 Be5+ 28. Bf4 Bf6 29. Bg5 Be5+ 1/2-1/2

[Event "CRO-chT1B"]
[Site "Sibenik"]
[Date "2007.09.29"]
[Round "5"]
[White "Radocaj, Denis"]
[Black "Njirjak, Josip"]
[Result "1/2-1/2"]
[WhiteElo "2344"]
[BlackElo "2382"]
[PlyCount "29"]
[EventDate "2007.09.25"]
[EventType "team"]
[EventRounds "9"]
[EventCountry "CRO"]
[SourceTitle "CBM 120 Extra"]
[Source "ChessBase"]
[SourceDate "2007.11.01"]
[SourceVersion "1"]
[SourceVersionDate "2007.11.01"]
[SourceQuality "1"]

1. d4 Nf6 2. c4 e6 3. Nf3 d5 4. Bg5 c6 5. Nc3 Nbd7 6. e3 Qa5 7. Nd2 Bb4 8. Qc2 0-0 9. Bh4 e5 10. dxe5 Ne4 11. Ncxe4 dxe4 12. a3 Nxe5 13. 0-0-0 Bxd2+ 14. Qxd2 Qxd2+ 15. Rxd2 1/2-1/2

[Event "CRO-chT1B"]
[Site "Sibenik"]
[Date "2007.09.28"]
[Round "4"]
[White "Njirjak, Josip"]
[Black "Ramesa, Davor"]
[Result "1/2-1/2"]
[WhiteElo "2382"]
[BlackElo "2310"]
[PlyCount "35"]
[EventDate "2007.09.25"]
[EventType "team"]
[EventRounds "9"]
[EventCountry "CRO"]
[SourceTitle "CBM 120 Extra"]
[Source "ChessBase"]
[SourceDate "2007.11.01"]
[SourceVersion "1"]
[SourceVersionDate "2007.11.01"]
[SourceQuality "1"]

1. e4 c5 2. Nf3 e6 3. d4 cxd4 4. Nxd4 Nc6 5. Nc3 Qc7 6. Be3 a6 7. Qd2 Nf6 8. 0-0-0 Bb4 9. f3 Ne5 10. Nb3 b5 11. Bd4 0-0 12. Kb1 Nc4 13. Qg5 h6 14. Qg3 Bd6 15. Qf2 Bb4 16. Qg3 Bd6 17. Qf2 Bb4 18. Qg3 1/2-1/2

[Event "CRO-chT1B"]
[Site "Sibenik"]
[Date "2007.09.27"]
[Round "3"]
[White "Njirjak, Josip"]
[Black "Sinanovic, Muhamed"]
[Result "1-0"]
[WhiteElo "2382"]
[BlackElo "2396"]
[PlyCount "53"]
[EventDate "2007.09.25"]
[EventType "team"]
[EventRounds "9"]
[EventCountry "CRO"]
[SourceTitle "CBM 120 Extra"]
[Source "ChessBase"]
[SourceDate "2007.11.01"]
[SourceVersion "1"]
[SourceVersionDate "2007.11.01"]
[SourceQuality "1"]

1. e4 c5 2. Nf3 Nc6 3. Nc3 g6 4. d4 cxd4 5. Nxd4 Bg7 6. Be3 d6 7. Qd2 Nf6 8. f3 0-0 9. Bc4 Bd7 10. h4 Ne5 11. Bb3 Qa5 12. Bh6 Bxh6 13. Qxh6 Rfc8 14. Nde2 Bb5 15. 0-0-0 Bc4 16. Kb1 b5 17. h5 b4 18. Nd5 Nxd5 19. Rxd5 Bxd5 20. hxg6 Nxg6 21. Qxh7+ Kf8 22. Bxd5 e6 23. Bxe6 Rc7 24. Bxf7 Rxf7 25. Qxg6 Qe5 26. Rh5 Rg7 27. Qh6 1-0

[Event "BIH CFFBH-chT1"]
[Site "Neum"]
[Date "2007.08.30"]
[Round "8"]
[White "Njirjak, Josip"]
[Black "Trumic, Enes"]
[Result "1/2-1/2"]
[WhiteElo "2382"]
[BlackElo "2293"]
[PlyCount "45"]
[EventDate "2007.08.25"]
[EventType "team-tourn"]
[EventRounds "9"]
[EventCountry "BIH"]
[SourceTitle "EXT 2023"]
[Source "ChessBase"]
[SourceDate "2022.10.05"]
[SourceVersion "1"]
[SourceVersionDate "2022.10.05"]
[SourceQuality "1"]

1. e4 e5 2. Nf3 Nc6 3. Bb5 Nf6 4. Qe2 Bc5 5. c3 Qe7 6. d3 0-0 7. 0-0 a6 8. Ba4 b5 9. Bb3 d6 10. Nbd2 Be6 11. Bc2 Bb6 12. Nb3 d5 13. Be3 dxe4 14. dxe4 Nd7 15. Rfd1 Rfd8 16. h3 h6 17. Nbd2 Bxe3 18. Qxe3 Nb6 19. Nf1 Nc4 20. Qc1 b4 21. b3 Nb6 22. Bd3 Qf6 23. Be2 1/2-1/2

[Event "BIH CFFBH-chT1"]
[Site "Neum"]
[Date "2007.08.27"]
[Round "4"]
[White "Mujic, Hamza"]
[Black "Njirjak, Josip"]
[Result "1-0"]
[WhiteElo "2331"]
[BlackElo "2382"]
[PlyCount "91"]
[EventDate "2007.08.25"]
[EventType "team-tourn"]
[EventRounds "9"]
[EventCountry "BIH"]
[SourceTitle "EXT 2023"]
[Source "ChessBase"]
[SourceDate "2022.10.05"]
[SourceVersion "1"]
[SourceVersionDate "2022.10.05"]
[SourceQuality "1"]

1. e4 e5 2. Nf3 Nc6 3. Bc4 Nf6 4. d3 Be7 5. 0-0 0-0 6. Re1 d6 7. c3 Na5 8. Bb5 a6 9. Ba4 b5 10. Bc2 c5 11. Nbd2 Re8 12. Nf1 Bf8 13. Ng3 h6 14. h3 Bb7 15. Bd2 Nc6 16. Nf5 d5 17. Nh2 Ne7 18. Ng4 Nxf5 19. exf5 Qd6 20. Re3 c4 21. Rg3 Nxg4 22. hxg4 cxd3 23. Bxd3 e4 24. Bc2 d4 25. cxd4 Qxd4 26. g5 Rad8 27. Bb3 Bc5 28. g6 Qxf2+ 29. Kh2 Bd6 30. gxf7+ Kh7 31. Qg4 Qxg3+ 32. Qxg3 Bxg3+ 33. Kxg3 Rf8 34. Bb4 g6 35. Bxf8 Rxf8 36. fxg6+ Kxg6 37. Rc1 Rd8 38. Rc7 Ba8 39. Re7 Rf8 40. Ra7 Kg7 41. a3 Rd8 42. Kf4 Bd5 43. Bd1 Kg6 44. Rd7 Rf8 45. Rxd5 Rxf7+ 46. Kxe4 1-0

[Event "BIH CFFBH-chT1A"]
[Site "Neum"]
[Date "2006.08.30"]
[Round "7"]
[White "Nezirovic, Ozren"]
[Black "Njirjak, Josip"]
[Result "1/2-1/2"]
[WhiteElo "2111"]
[BlackElo "2356"]
[PlyCount "120"]
[EventDate "2006.08.26"]
[EventType "team-tourn"]
[EventRounds "9"]
[EventCountry "BIH"]
[SourceTitle "EXT 2023"]
[Source "ChessBase"]
[SourceDate "2022.10.05"]
[SourceVersion "1"]
[SourceVersionDate "2022.10.05"]
[SourceQuality "1"]

1. e4 e5 2. Nf3 Nc6 3. Bc4 Nf6 4. d3 Be7 5. 0-0 0-0 6. Bb3 d6 7. c3 Nd7 8. d4 Bf6 9. d5 Ne7 10. c4 Ng6 11. h3 Nc5 12. Bc2 a5 13. Be3 Nf4 14. Bxf4 exf4 15. Nc3 Nd7 16. Qd2 Ne5 17. Qxf4 Nxc4 18. Qc1 c6 19. Bd3 Nb6 20. Qc2 g6 21. Rad1 Bd7 22. Qd2 Bg7 23. Rfe1 Re8 24. Bf1 cxd5 25. Nxd5 Nxd5 26. exd5 Qb6 27. b3 Qb4 28. Rxe8+ Rxe8 29. Re1 Rxe1 30. Qxe1 Qxe1 31. Nxe1 b5 32. Bd3 Kf8 33. Nc2 Bb2 34. Kf1 Ke7 35. Ke2 Kd8 36. Ke3 Kc7 37. Be4 Kb6 38. Ne1 Bc1+ 39. Kd4 Bb2+ 40. Ke3 Bc3 41. Nd3 Kc7 42. g4 h6 43. f4 Kd8 44. f5 g5 45. Bf3 Kc7 46. Nf2 Bf6 47. Ne4 Be5 48. Be2 Kb6 49. Nf2 Bc8 50. Nd3 Bf6 51. Bf3 Bb7 52. Nf2 Bc3 53. Kd3 Bb2 54. Ke3 Bc3 55. Nd3 Ba1 56. Ke4 Ba6 57. Be2 Bc3 58. Bf1 a4 59. b4 Bb7 60. Be2 Ba8 1/2-1/2

[Event "BIH CFFBH-chT1A"]
[Site "Neum"]
[Date "2006.08.27"]
[Round "2"]
[White "Trkulja, Goran"]
[Black "Njirjak, Josip"]
[Result "1/2-1/2"]
[WhiteElo "2326"]
[BlackElo "2356"]
[PlyCount "91"]
[EventDate "2006.08.26"]
[EventType "team-tourn"]
[EventRounds "9"]
[EventCountry "BIH"]
[SourceTitle "EXT 2023"]
[Source "ChessBase"]
[SourceDate "2022.10.05"]
[SourceVersion "1"]
[SourceVersionDate "2022.10.05"]
[SourceQuality "1"]

1. e4 c5 2. Nf3 Nc6 3. Nc3 d6 4. d4 cxd4 5. Nxd4 Nf6 6. f4 Qb6 7. Nf3 e6 8. Bd3 Be7 9. Qe2 Nb4 10. Be3 Nxd3+ 11. cxd3 Qa5 12. Nd2 0-0 13. 0-0 b5 14. a3 Bd7 15. b4 Qa6 16. e5 Ne8 17. Nce4 Bc6 18. Bd4 Rd8 19. Qe3 Rd7 20. Nb3 Qc8 21. Rfc1 Qa8 22. Na5 Bd5 23. Rc2 Bd8 24. Nxd6 Nxd6 25. exd6 Rxd6 26. Bc5 Bb6 27. d4 Rc8 28. Rac1 Rdd8 29. Nb3 Bxb3 30. Qxb3 Qe4 31. Qf3 Qxf3 32. gxf3 h6 33. Kf2 Rc6 34. Ke3 Rdc8 35. Ke4 f5+ 36. Ke3 Kf7 37. Rg2 Bd8 38. a4 bxa4 39. Ra1 Rb8 40. Rxa4 a5 41. bxa5 Rb3+ 42. Ke2 Rb2+ 43. Kf1 Rb1+ 44. Ke2 Rb2+ 45. Kf1 Rb1+ 46. Ke2 1/2-1/2

[Event "Djakovo op-A"]
[Site "Djakovo"]
[Date "2005.05.07"]
[Round "9"]
[White "Njirjak, Josip"]
[Black "Sulc, Damir"]
[Result "1/2-1/2"]
[WhiteElo "2365"]
[BlackElo "2301"]
[PlyCount "115"]
[EventDate "2005.05.01"]
[EventType "swiss"]
[EventRounds "9"]
[EventCountry "CRO"]
[SourceTitle "CBM 106 Extra"]
[Source "ChessBase"]
[SourceDate "2005.07.01"]
[SourceVersion "1"]
[SourceVersionDate "2005.07.01"]
[SourceQuality "1"]

1. e4 c5 2. Nf3 d6 3. d4 cxd4 4. Nxd4 Nf6 5. Nc3 g6 6. Be3 Bg7 7. f3 Nc6 8. Qd2 0-0 9. Bc4 Bd7 10. 0-0-0 Na5 11. Be2 Re8 12. h4 Rc8 13. h5 Nxh5 14. Bh6 e5 15. Bxg7 Kxg7 16. Ndb5 Bxb5 17. Bxb5 Nc4 18. Bxc4 Rxc4 19. Nb5 Re6 20. Rxh5 gxh5 21. Nxd6 Rxd6 22. Qxd6 Qxd6 23. Rxd6 Rc7 24. Kd2 f6 25. Kd3 h4 26. c4 Kg6 27. b4 Kg5 28. c5 Rf7 29. Ke3 h5 30. Rd8 Rg7 31. Rf8 Rd7 32. Rg8+ Kh6 33. Ra8 a6 34. c6 bxc6 35. Rxa6 Rg7 36. Kf2 Rc7 37. b5 cxb5 38. Rxf6+ Kg7 39. Rf5 Rc5 40. Rxh5 Rc2+ 41. Kg1 Kf6 42. Rxh4 Rxa2 43. Rh8 Ke6 44. Rb8 Ra5 45. Kf2 Kd6 46. g4 Kc7 47. Rh8 b4 48. Rh1 b3 49. g5 Kd6 50. Kg3 b2 51. Rb1 Rb5 52. Kg4 Ke6 53. Kh5 Kf7 54. Kh6 Rb8 55. Kh7 Rb7 56. Kh6 Rb8 57. Kh7 Rb7 58. Kh6 1/2-1/2

[Event "Djakovo op-A"]
[Site "Djakovo"]
[Date "2005.05.05"]
[Round "7"]
[White "Njirjak, Josip"]
[Black "Medancic, Rikard"]
[Result "1-0"]
[WhiteElo "2365"]
[BlackElo "2293"]
[PlyCount "101"]
[EventDate "2005.05.01"]
[EventType "swiss"]
[EventRounds "9"]
[EventCountry "CRO"]
[SourceTitle "CBM 106 Extra"]
[Source "ChessBase"]
[SourceDate "2005.07.01"]
[SourceVersion "1"]
[SourceVersionDate "2005.07.01"]
[SourceQuality "1"]

1. e4 d5 2. exd5 Qxd5 3. Nc3 Qd6 4. d4 Nf6 5. Nf3 Bg4 6. h3 Bh5 7. Nb5 Qd8 8. Be2 a6 9. Na3 e6 10. c3 Be7 11. 0-0 Nbd7 12. Nc4 c5 13. Bg5 h6 14. Bh4 0-0 15. Re1 Rc8 16. Ne3 Nd5 17. Bxe7 Nxe7 18. d5 exd5 19. Nxd5 Re8 20. Nf4 Bg6 21. Bf1 Bf5 22. Qd2 Nb6 23. Rad1 Qxd2 24. Rxd2 Kf8 25. Re5 Rc7 26. b3 Bh7 27. c4 Bf5 28. g3 Bc8 29. Nh5 f6 30. Re1 Nc6 31. Red1 Rd7 32. Nf4 Rxd2 33. Rxd2 Rd8 34. Rxd8+ Nxd8 35. Nd3 Nd7 36. h4 b6 37. Nf4 Bb7 38. Bg2 g5 39. Nh5 Ne6 40. Nxg5 Bxg2 41. Nxe6+ Ke7 42. Nxc5 Nxc5 43. Kxg2 Nd3 44. Nf4 Nc1 45. Nd5+ Ke6 46. Nxb6 Nxa2 47. Na4 Kd6 48. Kf3 a5 49. Kg4 Ke7 50. Kh5 Nc1 51. Nc5 1-0

[Event "Djakovo op-A"]
[Site "Djakovo"]
[Date "2005.05.04"]
[Round "6"]
[White "Karahmetovic, Adnan"]
[Black "Njirjak, Josip"]
[Result "1/2-1/2"]
[WhiteElo "2254"]
[BlackElo "2365"]
[PlyCount "41"]
[EventDate "2005.05.01"]
[EventType "swiss"]
[EventRounds "9"]
[EventCountry "CRO"]
[SourceTitle "CBM 106 Extra"]
[Source "ChessBase"]
[SourceDate "2005.07.01"]
[SourceVersion "1"]
[SourceVersionDate "2005.07.01"]
[SourceQuality "1"]

1. d4 Nf6 2. Nf3 c5 3. c4 cxd4 4. Nxd4 e5 5. Nb5 d5 6. cxd5 Bc5 7. N5c3 0-0 8. g3 Qb6 9. e3 Bg4 10. Be2 Bxe2 11. Qxe2 e4 12. Nd2 Re8 13. Qb5 Nbd7 14. Qxb6 Nxb6 15. Nb3 Bb4 16. Bd2 Nbxd5 17. Nxd5 Nxd5 18. Bxb4 Nxb4 19. Ke2 Nd3 20. Rab1 Rac8 21. Nd4 1/2-1/2

[Event "Djakovo op-A"]
[Site "Djakovo"]
[Date "2005.05.04"]
[Round "5"]
[White "Njirjak, Josip"]
[Black "Armanda, Ivica"]
[Result "1/2-1/2"]
[WhiteElo "2365"]
[BlackElo "2340"]
[PlyCount "155"]
[EventDate "2005.05.01"]
[EventType "swiss"]
[EventRounds "9"]
[EventCountry "CRO"]
[SourceTitle "CBM 106 Extra"]
[Source "ChessBase"]
[SourceDate "2005.07.01"]
[SourceVersion "1"]
[SourceVersionDate "2005.07.01"]
[SourceQuality "1"]

1. e4 c5 2. Nf3 d6 3. d4 cxd4 4. Nxd4 Nf6 5. Nc3 g6 6. Be3 Bg7 7. f3 0-0 8. Qd2 Nc6 9. Bc4 Bd7 10. h4 Ne5 11. Be2 Rc8 12. Bh6 Bxh6 13. Qxh6 Qb6 14. Nb3 a5 15. h5 Be6 16. Qd2 Nc4 17. Bxc4 Rxc4 18. Qf2 Qxf2+ 19. Kxf2 a4 20. Nd2 Rc5 21. hxg6 a3 22. gxh7+ Kh8 23. Rab1 axb2 24. Nd1 Rxc2 25. Rxb2 Rfc8 26. Ke2 Rxb2 27. Nxb2 Rc2 28. Nd3 Bxa2 29. Nb4 Rb2 30. Nxa2 Rxa2 31. Rc1 Nd7 32. Rc7 Nc5 33. Ke3 Ra3+ 34. Ke2 Ra2 35. Ke3 Kxh7 36. Rxe7 Kg7 37. Nc4 Kf6 38. Rc7 Ke6 39. Nb6 Ra3+ 40. Kd4 Kf6 41. e5+ Ke6 42. exd6 Nb3+ 43. Kc3 Kxd6 44. Rxf7 Nc5+ 45. Kd4 Ne6+ 46. Kc4 Ra2 47. g4 Rc2+ 48. Kd3 Ra2 49. f4 Nc5+ 50. Kd4 Ne6+ 51. Ke4 Re2+ 52. Kf5 Nxf4 53. Nc4+ Kd5 54. Nb6+ Kc5 55. Rxb7 Rf2 56. Nc8 Kc6 57. Rb1 Kd7 58. Nb6+ Ke7 59. Ke4 Ne6 60. Nd5+ Kf7 61. Rb7+ Kg6 62. Rb6 Kf7 63. Ke5 Re2+ 64. Kd6 Nd8 65. Rb8 Re6+ 66. Kd7 Nc6 67. Rf8+ Kxf8 68. Kxe6 Nd4+ 69. Kf6 Nf3 70. Nf4 Kg8 71. Nd3 Kh7 72. Kf7 Kh6 73. Kf6 Kh7 74. Nc5 Kh6 75. Ne6 Kh7 76. Nd8 Kg8 77. Nf7 Kh7 78. Ne5 1/2-1/2

[Event "CRO-chT"]
[Site "Rabac"]
[Date "2004.09.13"]
[Round "9.6"]
[White "Kutuzovic, Branko"]
[Black "Njirjak, Josip"]
[Result "1-0"]
[WhiteElo "2378"]
[BlackElo "2303"]
[PlyCount "195"]
[EventDate "2004.09.05"]
[EventType "team"]
[EventRounds "9"]
[EventCountry "CRO"]
[SourceTitle "CBM 102 Extra"]
[Source "ChessBase"]
[SourceDate "2004.11.03"]
[SourceVersion "1"]
[SourceVersionDate "2004.11.03"]
[SourceQuality "1"]
[WhiteTeam "Pozega"]
[BlackTeam "Djakovo"]
[WhiteTeamCountry "CRO"]
[BlackTeamCountry "CRO"]

1. e4 c5 2. Nf3 Nc6 3. d4 cxd4 4. Nxd4 Nf6 5. Nc3 d6 6. Bg5 e6 7. Qd2 a6 8. 0-0-0 Bd7 9. f3 Qa5 10. h4 b5 11. Nxc6 Bxc6 12. Kb1 Be7 13. Qe1 b4 14. Ne2 0-0 15. Nd4 Rfc8 16. Nxc6 Rxc6 17. Bd3 Rb8 18. g4 Qc7 19. Qe2 a5 20. Bb5 Rc5 21. Ba4 Rc8 22. Rd2 Qb7 23. Rhd1 Bf8 24. Bf4 d5 25. g5 Nd7 26. exd5 Rxd5 27. Rxd5 exd5 28. Qb5 Qxb5 29. Bxb5 Nb6 30. b3 Bc5 31. h5 Rd8 32. Be5 Be3 33. f4 Kf8 34. Rd3 Bf2 35. f5 h6 36. Rf3 Bh4 37. Bd4 Rb8 38. g6 Nc8 39. Bd7 Bf6 40. Bc5+ Ne7 41. Rd3 Rd8 42. gxf7 Kxf7 43. Be6+ Ke8 44. Bb6 Ra8 45. Bxd5 Ra6 46. Bc5 Nxf5 47. Bb7 Re6 48. Rd1 Ne3 49. Rh1 Bg5 50. Bc8 Re5 51. Bd4 Re7 52. Bc5 Re5 53. Bd4 Re7 54. Bc5 Re5 55. Bb6 Kf8 56. a3 Re8 57. Bd7 Re5 58. Re1 Rd5 59. Bxe3 Rxd7 60. Ka2 Bxe3 61. Rxe3 Rf7 62. Re5 Rf2 63. Kb1 bxa3 64. Rxa5 a2+ 65. Kb2 Rh2 66. Rc5 g5 67. hxg6 h5 68. Kxa2 Kg7 69. b4 Kxg6 70. b5 Re2 71. Kb3 h4 72. Rc8 h3 73. Rh8 h2 74. c4 Kg7 75. Rh4 Kf6 76. b6 Kg5 77. Rh8 Re6 78. Rxh2 Rxb6+ 79. Ka4 Kf5 80. Re2 Rb1 81. c5 Rc1 82. Kb5 Rb1+ 83. Kc6 Kf6 84. Kd7 Rd1+ 85. Kc7 Rc1 86. c6 Rc3 87. Kd7 Rd3+ 88. Kc8 Rb3 89. c7 Rb1 90. Rd2 Ke7 91. Rd4 Rb2 92. Re4+ Kf7 93. Re5 Kf6 94. Re4 Kf7 95. Kd7 Rd2+ 96. Kc6 Rc2+ 97. Kd6 Rc1 98. Re5 1-0

[Event "Bizovac Metalis op 11th"]
[Site "Bizovac"]
[Date "2004.02.27"]
[Round "4"]
[White "Jovanovic, Zoran"]
[Black "Njirjak, Josip"]
[Result "1/2-1/2"]
[WhiteElo "2456"]
[BlackElo "2314"]
[PlyCount "59"]
[EventDate "2004.02.26"]
[EventType "swiss"]
[EventRounds "7"]
[EventCountry "CRO"]
[SourceTitle "CBM 098 Extra"]
[Source "ChessBase"]
[SourceDate "2004.03.10"]
[SourceVersion "2"]
[SourceVersionDate "2004.03.10"]
[SourceQuality "1"]

1. e4 e5 2. Nf3 Nc6 3. Bc4 Nf6 4. d4 exd4 5. e5 d5 6. Bb5 Ne4 7. Nxd4 Bc5 8. 0-0 Bxd4 9. Qxd4 0-0 10. Bxc6 bxc6 11. f3 Ng5 12. Bxg5 Qxg5 13. f4 Qg6 14. Nd2 Bf5 15. c3 Rfb8 16. b3 a5 17. Rae1 Rb5 18. Nf3 Be4 19. Qd2 Rbb8 20. Ng5 Bf5 21. Nf3 Be4 22. Ng5 Bf5 23. Re3 h6 24. Nf3 Be4 25. Qf2 c5 26. Nd2 Bf5 27. Rg3 Qb6 28. c4 d4 29. a4 Rd8 30. Qe2 1/2-1/2